00236 a2200109 4500001000700000020000600007040001100013100000600024240004600030245004100076362000900117177751 a  cMagnum a-10aOs pensadores: a republica de plataolpor10aOs pensadores: a republica de platao0 a1899